| 000 | 00522nam a2200181Ia 4500 | ||
|---|---|---|---|
| 003 | GCL | ||
| 008 | 140319s9999 xx 000 0 eng d | ||
| 040 |
_aGCL / _cGCL |
||
| 082 | 0 | 4 |
_aCC _b299.31 _bG V |
| 100 | 1 | _aCARNOT, JEAN SAINTE FARE | |
| 245 | 1 | 0 |
_aLA VIE RELIGIEUSE DANS L'ANCIENNE EGYPTE / _cCARNOT, JEAN SAINTE FARE |
| 260 |
_a[S.N] : _bPRESSES UNIVERSITAIRES DE FRANCE ، _c1948 |
||
| 300 | _a146 P | ||
| 650 | 0 | 4 | _aTHEOLOGY |
| 650 | 0 | 4 | _aANCIENT EGYPT |
| 650 | 0 | 4 | _aANCIENT EGYPT - RELIGION |
| 942 |
_2ddc _cBK |
||
| 999 |
_c20342 _d20342 |
||